Gaming Quiz

Random Gaming or Nintendo Quiz

Super Smash Bros. Items Quiz Stats

 Plays Quiz not verified by Sporcle

Challenge
Share
Tweet
Embed
Score 0/80 Timer 08:00
0 Plays Today
Game Item % Correct
Super Smash Bros.Poké Ball
90.3%
Super Smash Bros.Starman
83.6%
Super Smash Bros.Hammer
75.8%
Super Smash Bros.Home-Run Bat
70%
Super Smash Bros.Beam Sword
69.8%
Super Smash Bros.Barrel
69.5%
Super Smash Bros.Ray Gun
68.1%
Super Smash Bros. BrawlRolling Crate
66.6%
Super Smash Bros.Crate
66.2%
Super Smash Bros.Motion-Sensor Bomb
66.2%
Super Smash Bros.Bob-Omb
63.9%
Super Smash Bros. MeleeMetal Box
63.5%
Super Smash Bros.Fire Flower
61.6%
Super Smash Bros. MeleePoison Mushroom
59.7%
Super Smash Bros. BrawlSmash Ball
59.7%
Super Smash Bros.Green Shell
59.4%
Super Smash Bros.Egg (Chansey;Yoshi's Island)
58.8%
Super Smash Bros. MeleeYoshi's Egg (Event)
58.8%
Super Smash Bros. MeleeFood
58.6%
Super Smash Bros.Red Shell
56.9%
Super Smash Bros.Maxim Tomato
56.7%
Super Smash Bros. BrawlAssist Trophy
56.7%
Super Smash Bros. MeleeWarp Star
56.5%
Super Smash Bros. MeleeMr. Saturn
55.2%
Super Smash Bros.Bumper
54.8%
Super Smash Bros. MeleeSuper Mushroom
54%
Super Smash Bros.Heart Container
53.6%
Super Smash Bros. MeleeSuper Scope
52.9%
Super Smash Bros.Fan
51.9%
Super Smash Bros.Star Rod
51.7%
Super Smash Bros. BrawlGolden Hammer
50.6%
Super Smash Bros.Capsule
50.4%
Super Smash Bros. MeleeScrew Attack
48.7%
Super Smash Bros. MeleeFreezie
44.1%
Super Smash Bros. MeleeBunny Hood
43.9%
Super Smash Bros. BrawlBanana Peel
43.5%
Super Smash Bros. BrawlDragoon
42.9%
Super Smash Bros. MeleeParty Ball
42.2%
Super Smash Bros. MeleeCloaking Device
41.2%
Super Smash Bros. BrawlCardboard Box (Snake)
41.2%
Game Item % Correct
Super Smash Bros. MeleeLip's Stick
40.1%
Super Smash Bros. BrawlFranklin Badge
35.7%
Super Smash Bros. BrawlSmart Bomb
33.4%
Super Smash Bros. BrawlDeku Nut
32.1%
Super Smash Bros. MeleeFlipper
31.7%
Super Smash Bros. BrawlPitfall
30.9%
Super Smash Bros. BrawlTrophy
30.7%
Super Smash Bros. BrawlSoccer Ball
30%
Super Smash Bros. BrawlGooey Bomb
29.8%
Super Smash Bros. BrawlLightning Bolt
29.8%
Super Smash Bros. BrawlSticker
27.1%
Super Smash Bros. BrawlCracker Launcher
26.3%
Super Smash Bros. BrawlSpring
26%
Super Smash Bros. BrawlSuperspicy Curry
25.2%
Super Smash Bros. BrawlCD
24.2%
Super Smash Bros. MeleeVegetable (Peach; Summit (SSBB))
23.7%
Super Smash Bros. BrawlSmoke Ball
23.3%
Super Smash Bros. MeleeBarrel Cannon
22.1%
Super Smash Bros. BrawlHand Grenade (Snake)
21.8%
Super Smash Bros. BrawlSandbag
20.6%
Super Smash Bros. BrawlUnira
20.2%
Super Smash Bros. MeleeElectrode (Pick-Up-Able)
19.3%
Super Smash Bros. MeleeParasol
18.7%
Super Smash Bros. BrawlBonsly (Pick-Up-Able)
18.7%
Super Smash Bros. BrawlTeam Healer
18.5%
Super Smash Bros. MeleeApple (Green Greens)
18.3%
Super Smash Bros. BrawlHothead
18.3%
Super Smash Bros. MeleeCoin
15.6%
Super Smash Bros. BrawlTimer
15.6%
Super Smash Bros. BrawlPellet (Distant Planet)
14.9%
Super Smash Bros. MeleeHammer Head (Falls Off Occasionally)
13.7%
Super Smash Bros. BrawlTrophy Stand (Sub-Space Emissary)
13.7%
Super Smash Bros. BrawlBlast Box
11.3%
Super Smash Bros. BrawlPeanut (Diddy Kong)
11.3%
Super Smash Bros. BrawlPower Suit (Zero-Suit Samus)
10.9%
Super Smash Bros. BrawlPeach (Peach's Final Smash)
8%
Super Smash Bros. MeleeBill
7.3%
Super Smash Bros. BrawlStock Ball (Sub-Space Emissary)
7.1%
Super Smash Bros. BrawlKey (Sub-Space Emissary)
6.9%
Super Smash Bros. BrawlAuroros (Sub-Space Emissary)
4.4%

You're not logged in!

Compare scores with friends on all Sporcle quizzes.
OR
Log In

You Might Also Like...

Show Comments

Extras

Top Quizzes Today


Score Distribution

Your Account Isn't Verified!

In order to create a playlist on Sporcle, you need to verify the email address you used during registration. Go to your Sporcle Settings to finish the process.

Report this User

Report this user for behavior that violates our Community Guidelines.

Details: